书目信息 |
| 题名: |
解除苦恼大全
|
|
| 作者: | <解除苦恼大全>写作组 编 | |
| 分册: | 上册 | |
| 出版信息: | 北京 农村读物出版社 1989.3 |
|
| 页数: | 520页 | |
| 开本: | 20cm | |
| 丛书名: | ||
| 单 册: | ||
| 中图分类: | Z429.7 | |
| 科图分类: | ||
| 主题词: | ||
| 电子资源: | ||
| ISBN: | 7-5048-0700-1 | |
| 000 | 00584nam0 2200193 45 | |
| 001 | 0181015291 | |
| 005 | 20061125151306.18 | |
| 010 | @a7-5048-0700-1@dCNY11.42 | |
| 100 | @a20810111d km y0chiy0120 ea | |
| 101 | 0 | @achi |
| 102 | @aCN@b110000 | |
| 200 | 1 | @Ajie chu ku nao da quan@Fjie chu ku nao da quan@a解除苦恼大全@h上册@f<解除苦恼大全>写作组编@b参考工具 |
| 210 | @a北京@c农村读物出版社@d1989.3 | |
| 215 | @a520页@d20cm | |
| 300 | @a我国第一部综合治理人生苦恼之书 | |
| 690 | @aZ429.7 | |
| 701 | 0 | @a<解除苦恼大全>写作组@4编 |
| 801 | @aCN@bTSTC@c20061125 | |
| 905 | @dZ429.7@e16:1 | |
| 解除苦恼大全.上册/<解除苦恼大全>写作组编[参考工具].-北京:农村读物出版社,1989.3 |
| 520页;20cm |
| 我国第一部综合治理人生苦恼之书 |
| ISBN 7-5048-0700-1:CNY11.42 |
| ● |
| 相关链接 |
|
|
|
|
正题名:解除苦恼大全
索取号:Z429.7/16:1
 
预约/预借
| 序号 | 登录号 | 条形码 | 馆藏地/架位号 | 状态 | 备注 |
| 1 | 0221160 | 202130381 | 第二样本阅览室/ [索取号:Z429.7/16:1] | 在馆 |